[Event "Moravia-ch"]
[Site "Moravia"]
[Date "1997.??.??"]
[Round "?"]
[White "Kasparek, Ivo"]
[Black "Godula, Dusan"]
[Result "1/2-1/2"]
[WhiteElo "1805"]
[BlackElo "1915"]
[PlyCount "75"]
[EventDate "1997.??.??"]
[EventType "swiss"]
[EventRounds "9"]
[EventCountry "CZE"]
[SourceTitle "EXT 1999"]
[Source "ChessBase"]
[SourceDate "1998.11.16"]
[SourceVersion "1"]
[SourceVersionDate "1998.11.16"]
[SourceQuality "1"]

1. e4 e5 2. Bc4 Nf6 3. Nc3 Nc6 4. d3 Bb4 5. Bd2 0-0 6. Nge2 Bxc3 7. Nxc3 h6 8. a3 a6 9. 0-0 b5 10. Ba2 d6 11. f4 Bg4 12. Qe1 Nd4 13. Rc1 Qd7 14. f5 a5 15. h3 Bh5 16. g4 Nxg4 17. hxg4 Bxg4 18. Kg2 c6 19. Qg3 h5 20. b4 axb4 21. axb4 Rxa2 22. Nxa2 Ne2 23. Qf2 Nxc1 24. Nxc1 Ra8 25. Kg3 f6 26. Kh4 d5 27. c3 Rd8 28. Be3 Qf7 29. Qa2 Qb7 30. Qa7 Qxa7 31. Bxa7 dxe4 32. dxe4 Rd2 33. Rf2 Rd1 34. Ne2 Rh1+ 35. Kg3 Re1 36. Nf4 exf4+ 37. Rxf4 Rd1 38. Bd4 1/2-1/2